Visualizzazione normale
Vista MARC
- Corrado M. Berti
di Personal Name
Records bibliografici associati: 1
001 - CONTROL NUMBER
- control field: 34263
003 - CONTROL NUMBER IDENTIFIER
- control field: IT-RoPau
005 - DATE AND TIME OF LATEST TRANSACTION
- control field: 20150502224552.0
008 - FIXED-LENGTH DATA ELEMENTS
- fixed length control field: 150502|| aca||aabn | a|a d
040 ## - CATALOGING SOURCE
- Original cataloging agency: IT-RoPau
- Transcribing agency: IT-RoPau
100 ## - HEADING--PERSONAL NAME
- Personal name: Corrado M. Berti
670 ## - SOURCE DATA FOUND
- Source citation: Work cat.: (IT-RoPau)7965: Corrado M. Berti, Saggi di canone eucaristico per le messe delle ordinazioni, nozze, esequie e degli infermi